Statistics for Word Scramble (Random Words)

Click here to take the quiz!

General Stats

  • This quiz has been taken 55 times
  • The average score is 7 of 18

Answer Stats

HintAnswer% Correct
iifwWifi
95%
ooslhcSchool
82%
yeonmMoney
79%
ukudosSudoku
71%
egasmGames
66%
uptjnkeJetpunk
55%
ealenpippPineapple
55%
sreuUser
55%
ecsiookCookies
42%
terehwaWeather
39%
agbaerlAlgebra
29%
emdaaycAcademy
18%
ueuoybtYoutube
13%
uqrmiesatzQuizmaster
8%
rlapnieaAirplane
5%
touiedancEducation
5%
tnpeisofnicoraiPersonification
3%
ynalpgodruPlayground
3%

Score Distribution

Percentile by Number Answered

Percent of People with Each Score

Your Score History

You have not taken this quiz